| Поле | Название | Значение |
| |
Тип записи |
a |
| |
Библиографический уровень |
m |
| 001 |
Контрольный номер |
RU/IS/BASE/367415271 |
| 005 |
Дата корректировки |
20201206204813.3 |
| 010 |
Индекс ISBN |
__ |
| a |
ISBN |
978-5-86793-630-3 (В пер.) |
| d |
Цена |
510-00 |
| 101 |
Язык документа |
__ |
| a |
Язык текста |
rus |
| 200 |
Заглавие и сведения об ответственности |
__ |
| a |
Заглавие |
Воспоминания |
| f |
Первые сведения об ответственности |
П. Н. Зайцев ; [сост.: М. Л. Спивак ; вступ. ст.: Дж. Малмстада и М. Л. Спивак] |
| b |
Общее обозначение материала |
Текст |
| 210 |
Выходные данные |
__ |
| a |
Место издания |
М. |
| c |
Издательство |
Новое Лит. обозрение |
| d |
Дата издания |
2008 |
| 215 |
Физическое описание |
__ |
| a |
Объем |
746, [3] с., [8] л. ил., портр., факс. |
| c |
Иллюстрации/тип воспроизводства |
ил. |
| d |
Формат |
22 см |
| 225 |
Серия |
__ |
| a |
Серия |
Россия в мемуарах |
| 320 |
Библиография |
__ |
| a |
Библиография |
Имен. указ.: с. 733-747 |
| 327 |
Примечание о содержании |
__ |
| a |
Примечание о содержании |
Последние десять лет жизни Андрея Белого |
| 327 |
Примечание о содержании |
__ |
| a |
Примечание о содержании |
Литературные встречи |
| 330 |
Аннотация |
__ |
| a |
Аннотация |
Издательский работник и литератор Петр Никанорович Зайцев в течение ряда лет был близким другом и помощником Андрея Белого, о чем и оставил подробные мемуары, впервые публикуемые полностью в данной книге. Существенно дополняет их представленная в качестве приложения переписка между Зайцевым и Белым. В том включены также воспоминания автора о литераторах, с которыми ему доводилось встречаться (В. Брюсов, В. Маяковский, С. Есенин, М. Булгаков, М. Цветаева, А. Ахматова и др.). |
| 600 |
Персоналии |
__ |
| a |
Персоналии (Фамилия) |
Белый, А. |
| f |
Даты |
1880-1934 |
| 600 |
Персоналии |
__ |
| a |
Персоналии (Фамилия) |
Зайцев, П. Н. |
| f |
Даты |
1889-1970 |
| 600 |
Персоналии |
__ |
| a |
Персоналии (Фамилия) |
Брюсов, В. Я. |
| 600 |
Персоналии |
__ |
| a |
Персоналии (Фамилия) |
Маяковский, В. В. |
| 600 |
Персоналии |
__ |
| a |
Персоналии (Фамилия) |
Булгаков, М. А. |
| 600 |
Персоналии |
__ |
| a |
Персоналии (Фамилия) |
Цветаева, М. И. |
| 600 |
Персоналии |
__ |
| a |
Персоналии (Фамилия) |
Ахматова, А. А. |
| 600 |
Персоналии |
__ |
| a |
Персоналии (Фамилия) |
Форш, О. Д. |
| 605 |
Заглавие как предмет |
__ |
| a |
Заглавие |
Рабочий мир /журнал/ |
| 605 |
Заглавие как предмет |
__ |
| a |
Заглавие |
Московский понедельник /литературная газета/ |
| 606 |
Тематические рубрики |
__ |
| a |
Основная рубрика |
Литературоведение |
| 606 |
Тематические рубрики |
__ |
| a |
Основная рубрика |
Русская литература XX в. |
| 610 |
Ключевые слова |
__ |
| a |
Ключевые слова |
художественная проза; мемуары; записки; биографии; воспоминания; персоналии; писатели; советская литература; поэты; поэзия; литературная критика; биографические материалы; биографические сведения; литературная критика; переписка; история русской литературы |
| 686 |
Индексы других классификаций |
__ |
| a |
Классификационный индекс |
83.3(2Рос=Рус)6 |
| 700 |
Автор |
_1 |
| a |
Фамилия |
Зайцев |
| b |
Имя |
П. Н. |
| c |
Титул (звания) |
поэт, литератор |
| f |
Даты |
1889-1970 |
| g |
Полное личное имя |
Петр Никанорович |
| 4 |
Код отношения |
070 |
| 702 |
Вторичная интеллектуальная ответственность |
_1 |
| a |
Фамилия |
Спивак |
| b |
Имя |
М. Л. |
| 4 |
Код отношения |
Составитель |
| g |
Полное личное имя |
Моника Львовна |
| 4 |
Код отношения |
220 |
| 4 |
Код отношения |
080 |
| 702 |
Вторичная интеллектуальная ответственность |
_1 |
| a |
Фамилия |
Малмстад |
| b |
Имя |
Д. |
| 4 |
Код отношения |
Автор предисловия и т.д. |
| 4 |
Код отношения |
080 |
| 801 |
Источник записи |
_0 |
| a |
Страна |
RU |
| b |
Организация |
Муниципальное бюджетное учреждение культуры "Централизованная библиотечная система" г. Сургут (Центральная городская библиотека им. А. С. Пушкина) |
| g |
Правила каталогизации |
КиК/Поспелова |
| 801 |
Источник записи |
_1 |
| a |
Страна |
RU |
| b |
Организация |
Муниципальное бюджетное учреждение культуры "Централизованная библиотечная система" г. Сургут (Центральная городская библиотека им. А. С. Пушкина) |
| g |
Правила каталогизации |
КиК/Поспелова |
| 852 |
Данные о местонахождении |
__ |
| j |
Шифр хранения |
83.3(2Рос=Рус)6 |
| i |
Авторский знак |
З-17 |
| 901 |
Тип документа |
__ |
| t |
Тип документа |
m |
| 903 |
Характеристики (МАРС) |
__ |
| a |
Дата передачи |
20110823 |
| 990 |
Данные о заказе (DOS) |
__ |
| j |
Количество экземпляров (DOS) |
1 |
| t |
N записи в КСУ для И/У (DOS) |
201110 |